| 000 | 00356nam a22001217a 4500 | ||
|---|---|---|---|
| 020 | _a9787108042453 | ||
| 082 |
_a895.1352 _bYAN |
||
| 245 |
_aThe Three of Us (Chinese Edition) / _cYang Jiang |
||
| 260 |
_aBeijing : _bXinzhi Sanlian Publishing House, _c2013. |
||
| 300 |
_a165 p. ; _c21 cm. |
||
| 880 |
_6245-02\r _a我们仨/杨绛作品 / |
||
| 942 |
_2ddc _cBK |
||
| 999 |
_c591764 _d591764 |
||